000
003070000a22001330004500
003
MACL
040
_a
MACL
090
_c
37615
_d
37613
100
_a
Dikshitar, V R Ramachandra
245
_a
Origin and Spread of The Tamils
260
_b
The Adyar Library
_c
1947
650
_a
History
942
_c
BOOK
_k
954/DIK
999
_c
37212
_d
37212